Science Quiz

Random Science or Anatomy Quiz

Anatomy introduction revision Quiz Stats

Quiz not verified by Sporcle

Also try: Math Grab Bag
Challenge
Share
Tweet
Embed
Score 0/31 Timer 03:00
0 Plays Today
Questions Answers % Correct
what movement is shown by y?depression
100%
What movement is shown by x?elevation
100%
which movement is being shown?abduction
80%
Which movement is being shown?adduction
60%
what movement is shown by y?retraction
50%
what movement is shown by x?protraction
50%
Which side of the body is being shown?anterior side
40%
Which sub skeleton is highlighted in red?axial skeleton
40%
Which movement is being shown?circumduction
40%
Which movement is highlighted in light blue?inversion
40%
which movement is highlighted in dark blue?eversion
40%
Which movement is being shown?extension
40%
which movement is being shown?flexion
40%
Which position is being shown by the blue arrow?medial
40%
which sub skeleton is highlighted in blue?appendicular skeleton
20%
Which line is being shown?mid-axillary plane
20%
Questions Answers % Correct
Which line is being shown?mid-clavicular line
20%
Which plane is being shown?parasaggital plane
20%
Which movement is being shown?plantar flexion
20%
which movement is being shown?dorsiflexion
20%
Which side of the body is being shown?posterior side
20%
Which movement is being shown by the green circle?pronation
20%
Which movement is being shown by the red circle?supination
20%
Which position is Y?prone
20%
Which position is X?supine
20%
Which position is shown by the red arrow?proximal
20%
Which position is shown by the blue arrow?distal
20%
Which plane is being shown?saggital
20%
Which positions are is being shown?inferior, caudal, superior, cranial
20%
Which position is being shown by red arrow?lateral
20%
Which movement is shown by the green arrow?pronation
20%

You're not logged in!

Compare scores with friends on all Sporcle quizzes.
Join for Free
OR
Log In

You Might Also Like...

Show Comments

Extras

Top Quizzes Today


Score Distribution

Your Account Isn't Verified!

In order to create a playlist on Sporcle, you need to verify the email address you used during registration. Go to your Sporcle Settings to finish the process.

Report this User

Report this user for behavior that violates our Community Guidelines.

Details: